Sintaxis musical de la práctica común

Guardat en:
Dades bibliogràfiques
Autor principal: Checchi, Eduardo Julio (Autor)
Format: Llibre
Idioma:espanyol
Publicat: Buenos Aires EDUCA 2008
Edició:1a. ed
Col·lecció:Temas, 2
Matèries:
Etiquetes: Afegir etiqueta
Sense etiquetes, Sigues el primer a etiquetar aquest registre!

MARC

LEADER 00000nam a2200000 a 4500
001 UCG5983
003 CL-VaPUC
008 110331e20080000AG |||||||||||||||||spa|d
020 |a 9789876200837 
082 0 4 |a 780.1  |b CHE  |2 21 
100 0 |a Checchi, Eduardo Julio  |e author  |9 555962 
245 1 0 |a Sintaxis musical de la práctica común 
250 |a 1a. ed 
300 |a 481 p 
942 |c BK 
945 |d 20110331 00:00:00  |a dcastane 
260 |a Buenos Aires  |b EDUCA  |c 2008 
650 0 |a Música  |9 306269 
650 7 |a TEORIA Y PRACTICA  |2 CL-VaPUC  |9 555963 
583 |a last modification  |c 20110331 00:00:00  |k Rodrigo Vera 
490 0 |a Temas, 2 
999 |c 344306  |d 344304 
952 |0 0  |1 0  |4 0  |6 780_100000000000000_CHE_2008  |7 0  |8 A  |9 442221  |a BIBEDU  |b BIBEDU  |d 2019-11-22  |i 475767K  |o 780.1 CHE 2008  |p 475767K  |r 2023-01-12  |w 2019-11-22  |y BK  |k MUS